<?xml version='1.0' encoding='UTF-8'?>
  <record xmlns="http://www.loc.gov/MARC21/slim">
    <leader>00000cam a22000007i 4500</leader>
    <controlfield tag="001">ocm68857470</controlfield>
    <controlfield tag="003">OCoLC</controlfield>
    <controlfield tag="005">20240509201418.6</controlfield>
    <controlfield tag="008">960129s1660    ne            000 0 dut d</controlfield>
    <datafield tag="040" ind1=" " ind2=" ">
      <subfield code="a">NLGGC</subfield>
      <subfield code="b">dut</subfield>
      <subfield code="e">fobidrtb</subfield>
      <subfield code="c">NLGGC</subfield>
      <subfield code="d">OCLCO</subfield>
      <subfield code="d">OCLCA</subfield>
      <subfield code="d">OCLCL</subfield>
      <subfield code="d">OCLCQ</subfield>
    </datafield>
    <datafield tag="029" ind1="0" ind2=" ">
      <subfield code="a">NLGGC</subfield>
      <subfield code="b">145296083</subfield>
    </datafield>
    <datafield tag="035" ind1=" " ind2=" ">
      <subfield code="a">(OCoLC)68857470</subfield>
    </datafield>
    <datafield tag="245" ind1="0" ind2="3">
      <subfield code="a">De verstandige huys-houder, voor-schryvende de alderwijste wetten om profijtelick, gemackelick en vermakelick te leven, so inde stadt als op 't lant. In 't bestieren der hof-steden, lant-huysen, boomgaerden ... als mede de eygenschappen van allerley boomen, aerdt-vruchten, kruyden, bloemen, gewassen en zaden. Den aert, eygenschap, voort-teelingh en opvoedingh van allerley vee, wilde en tamme dieren, vogelen en visschen, de jacht, vogel-vangst, visschery, en de bequaemheyt der paerden, genees-middelen voor de wel-vaert van menschen, beesten en boomen. /</subfield>
      <subfield code="c">Vermeerdert en verbetert, door J. C.</subfield>
    </datafield>
    <datafield tag="246" ind1="3" ind2=" ">
      <subfield code="a">Oeconomia, of huys-houdingh</subfield>
    </datafield>
    <datafield tag="246" ind1="3" ind2=" ">
      <subfield code="a">wyse jaer-beschryver. II</subfield>
    </datafield>
    <datafield tag="260" ind1=" " ind2=" ">
      <subfield code="a">t'Amsterdam :</subfield>
      <subfield code="b">by Cornelis Jansz.#aen de Nieuwe Kerck#,</subfield>
      <subfield code="c">1660.</subfield>
    </datafield>
    <datafield tag="300" ind1=" " ind2=" ">
      <subfield code="a">[8], 191, [1; blanco] p. ;</subfield>
      <subfield code="c">in-4.</subfield>
    </datafield>
    <datafield tag="336" ind1=" " ind2=" ">
      <subfield code="a">tekst</subfield>
      <subfield code="b">txt</subfield>
      <subfield code="2">rdacontent/dut</subfield>
    </datafield>
    <datafield tag="337" ind1=" " ind2=" ">
      <subfield code="a">zonder medium</subfield>
      <subfield code="b">n</subfield>
      <subfield code="2">rdamedia/dut</subfield>
    </datafield>
    <datafield tag="338" ind1=" " ind2=" ">
      <subfield code="a">band</subfield>
      <subfield code="b">nc</subfield>
      <subfield code="2">rdacarrier/dut</subfield>
    </datafield>
    <datafield tag="500" ind1=" " ind2=" ">
      <subfield code="a">* 4  A-2A 4.</subfield>
    </datafield>
    <datafield tag="500" ind1=" " ind2=" ">
      <subfield code="a">J.C. = J. Cats of J. Carbasius?</subfield>
    </datafield>
    <datafield tag="500" ind1=" " ind2=" ">
      <subfield code="a">Wordt abusievelijk toegeschreven aan Johannes Colerus: vgl. STCN.</subfield>
    </datafield>
    <datafield tag="500" ind1=" " ind2=" ">
      <subfield code="a">Paginatitel: Oeconomia, of Huys-houdingh.</subfield>
    </datafield>
    <datafield tag="500" ind1=" " ind2=" ">
      <subfield code="a">Met gegrav. titelvignet.</subfield>
    </datafield>
    <datafield tag="510" ind1="0" ind2=" ">
      <subfield code="a">BMN 2-29</subfield>
    </datafield>
    <datafield tag="530" ind1=" " ind2=" ">
      <subfield code="a">Titel is geselecteerd voor digitalisering voor de Universiteit van Amsterdam in het kader van het Google Books-project.</subfield>
    </datafield>
    <datafield tag="700" ind1="1" ind2=" ">
      <subfield code="a">J.C.,</subfield>
      <subfield code="d">-voor 1661.</subfield>
      <subfield code="4">att</subfield>
      <subfield code="1">https://id.oclc.org/worldcat/entity/E39PCjrHFtWXm6g7mfqDBkJT6q</subfield>
    </datafield>
    <datafield tag="700" ind1="1" ind2=" ">
      <subfield code="a">Cats, Jacob,</subfield>
      <subfield code="d">1577-1660.</subfield>
      <subfield code="4">att</subfield>
      <subfield code="1">https://id.oclc.org/worldcat/entity/E39PBJrcpwrtmK3k3brQGJmKh3</subfield>
    </datafield>
    <datafield tag="700" ind1="1" ind2=" ">
      <subfield code="a">Carbasius, Joannes,</subfield>
      <subfield code="d">fl. 1705.</subfield>
      <subfield code="4">att</subfield>
      <subfield code="1">https://id.oclc.org/worldcat/entity/E39PCjDfK8FGr7RBwJF9G4Cw3P</subfield>
    </datafield>
    <datafield tag="710" ind1="0" ind2=" ">
      <subfield code="a">Zwol, Cornelis Jansz (Amsterdam)</subfield>
      <subfield code="4">prt</subfield>
      <subfield code="0">(NL-LeOCL)107366711</subfield>
    </datafield>
    <datafield tag="758" ind1=" " ind2=" ">
      <subfield code="a">De verstandige huys-houder, voor-schryvende de alderwijste wetten om profijtelick, gemackelick en vermakelick te leven, so inde stadt als op 't lant. In 't bestieren der hof-steden, lant-huysen, boomgaerden ... als mede de eygenschappen van allerley boomen, aerdt-vruchten, kruyden, bloemen, gewassen en zaden. Den aert, eygenschap, voort-teelingh en opvoedingh van allerley vee, wilde en tamme dieren, vogelen en visschen, de jacht, vogel-vangst, visschery, en de bequaemheyt der paerden, genees-middelen voor de wel-vaert van menschen, beesten en boomen (Text)</subfield>
      <subfield code="1">https://id.oclc.org/worldcat/entity/E39PCFFX6pg3DPwQ3Jr88jHDMP</subfield>
      <subfield code="4">https://id.oclc.org/worldcat/ontology/hasWork</subfield>
    </datafield>
    <datafield tag="776" ind1="0" ind2=" ">
      <subfield code="t">De verstandige huys-houder, voor-schryvende de alderwijste wetten om profijtelick, gemackelick en vermakelick te leven, so inde stadt als op 't lant. In 't bestieren der hof-steden, lant-huysen, boomgaerden ... als mede de eygenschappen van allerley boomen, aerdt-vruchten, kruyden, bloemen, gewassen en zaden. Den aert, eygenschap, voort-teelingh en opvoedingh van allerley vee, wilde en tamme dieren, vogelen en visschen, de jacht, vogel-vangst, visschery, en de bequaemheyt der paerden, genees-middelen voor de wel-vaert van menschen, beesten en boomen.</subfield>
      <subfield code="w">(NL-LeOCL)408407735</subfield>
    </datafield>
    <datafield tag="936" ind1=" " ind2=" ">
      <subfield code="a">BATCHLOAD</subfield>
    </datafield>
  </record>